SZA - Broken Clocks (All Lyrics) - Statistics

General Stats
  • This quiz has been taken 615 times
  • The average score is 305 of 392
Answer Stats
Answer % Correct
a
98%
I
98%
the
98%
day
95%
day,
95%
it
93%
me
93%
me,
93%
you
93%
you,
93%
You
93%
no
92%
got
91%
got,
91%
Got
91%
my
90%
to
90%
was
90%
broken
89%
clocks
89%
never
89%
Never
89%
I'm
88%
love
88%
love,
88%
way
88%
back
87%
back,
87%
for
87%
Run
87%
All
86%
just
86%
Just
86%
then
86%
10
85%
going
85%
make
85%
they
85%
ain't
84%
by
84%
is
84%
job,
84%
Still
84%
still
84%
(Still
84%
can't
83%
Can't
83%
Runnin'
83%
beat
82%
do
82%
take
82%
these
82%
time
82%
fast
81%
since
81%
Better
80%
better,
80%
club
80%
had
80%
Ooh
80%
strip
80%
what
80%
dirty
78%
from
78%
say
77%
I've
76%
men
76%
and
75%
yesterday
75%
a.m.
73%
like
73%
hearing
72%
shoes
72%
than
72%
that
72%
Jump
71%
Nothin'
71%
Talking
71%
talking
71%
burning
70%
but
70%
enough
70%
shitty
70%
of
69%
quick
69%
at
68%
news
68%
p.m.
68%
break
67%
break,
67%
shift
67%
we
67%
get
66%
pages
66%
Why
66%
sorry
65%
Gotta
64%
thing
64%
cash
63%
daylight
63%
faded
63%
on
63%
petty
63%
about
62%
dated
62%
lot,
62%
past
62%
three
62%
pieces
61%
Think
61%
together?
61%
years
61%
paycheck,
60%
dip
59%
forgot,
59%
smoke
58%
'bout
57%
moved
57%
Been
56%
In
56%
lunch
56%
two
56%
won't
56%
it's
54%
It's
54%
days
53%
again
50%
again,
50%
down
50%
whatever
50%
whoever,
50%
work
50%
alike
49%
dues
49%
don't
47%
gon'
47%
late
47%
some,
44%
9
40%
sleep
40%
need
36%
eat,
34%
paid
34%
nobody
33%
party,
33%
join
30%
'em
26%
feel
25%
young
25%
lovin'),
24%
lovin')
24%
wanna,
22%
Heartbeat
20%
No matching quizzes found
Score Distribution
Percent of People with Each Score
Percentile by Number Answered
Your Score History
You have not taken this quiz